000 00467nam a22001817a 4500
999 _c12056
_d12056
008 220407b 2020 ||||| |||| 00| 0 eng d
020 _a9788131530245
082 _a512.5
_bPOO
100 _aPoole, David
245 _aLinear algebra : a modern introduction
250 _a4th Ed.
260 _anew Delhi
_bCengage Learning
_c2020
300 _axxii, 649p. + Appendix
650 _aAlgebras, Linear
650 _aVectors
650 _aMatrices
942 _cBK